Well said Intro

Offering a lively and communicative approach for increasing pronunciation speaking skills, Well Said Intro provides beginning to intermediate students with the pronunciation and speaking tools they need to communicate in social, academic, and professional. Increased emphasis on pair and small group...

Full beskrivning

Sparad:
Bibliografiska uppgifter
Huvudupphovsman: Grant, Linda
Materialtyp: Bok
Språk:Undetermined
Publicerad: Boston, MA. Thomson/Heinle 2007
Ämnen:
Taggar: Lägg till en tagg
Inga taggar, Lägg till första taggen!
Thư viện lưu trữ: Trung tâm Học liệu Trường Đại học Cần Thơ
LEADER 00963nam a2200229Ia 4500
001 CTU_124310
008 210402s9999 xx 000 0 und d
020 |c 68500 
082 |a 428.34 
082 |b G762/CD.5 
100 |a Grant, Linda 
245 0 |a Well said Intro 
245 0 |c Linda Grant 
260 |a Boston, MA. 
260 |b Thomson/Heinle 
260 |c 2007 
520 |a Offering a lively and communicative approach for increasing pronunciation speaking skills, Well Said Intro provides beginning to intermediate students with the pronunciation and speaking tools they need to communicate in social, academic, and professional. Increased emphasis on pair and small group activities helps students practice their pronunciation and listening skills in a contextualized setting. 
650 |a Listening,English language 
650 |x Foreign speakers 
904 |i Minh 
915 |a 400 
980 |a Trung tâm Học liệu Trường Đại học Cần Thơ